000 01242nam a22001937a 4500
003 NUST
005 20251218094722.0
008 251217b ||||| |||| 00| 0 eng d
020 _a9786968535742
082 _a954.91009581,LAT
100 _aLatif, Zahid
_9132151
245 _aPakistan's Search for Peace with Afghanistan:
_bStatecraft, Policy and Strategy /
_cZahid Latif
260 _aNUST Press
_bIslamabad, Pakistan
_c2025
300 _axxii, 216 p
505 _aIntroduction (Page-1), Genesis of Pakistan Afghan Policy (1947-1992) and The Nature of Its Ethnic Leaning (Page-39), Pakistan Post-Cold War Policy Towards Afghanistan and the Deepening of Its Ethnic Orientation (Page-59), Application of Pakistan's Military Instrument in Support of Post-9/11 Afghan Policy (Page-103), Pakistan's Policy and The Indo-U.S Presence in Afghanistan ((Page-120), Collapse of The Islamic Republic of Afghanistan and the Resurgence of the Taliban (Page-141), Some Reflections on the Perpetual Issues of Afghan Policy (Page-146), Future Policy and Interdependence (Page-163), Statecraft, Policy and Strategy for the Future (Page-181).
650 _aPak-Afghan Relations
_9132345
651 _aPakistan's Foreign Policy
_9132346
942 _2ddc
_cBK
999 _c615557
_d615557